Salma's Favorite Game Characters 2023 - Statistics

General Stats
  • This quiz has been taken 6 times
  • The average score is 39 of 50
Answer Stats
% Correct
Undertale Frisk
100%
Vocaloid Len
100%
Pokemon Mei
100%
Vocaloid Miku
100%
Top 10 Phoenix Wright
100%
Friday Night Funkin' Pico
100%
Vocaloid Rin
100%
Undertale Sans
100%
Top 10 Shadow
100%
Top 10 Amaterasu
75%
Ace Attorney Apollo Justice
75%
Top 10 Astro
75%
Friday Night Funkin' Bf
75%
Top 10 Clive Rosfield
75%
Detroit: Become Human Connor
75%
Sonic Eggman
75%
Granblue Fantasy Eustace
75%
Guilty Gear Faust
75%
GTA 5 Franklin
75%
Final Fantasy Gladiolus
75%
Top 10 Issun
75%
Sleeping Dogs Jackie Ma
75%
Fall Guys Jaime
75%
Kirby Kirby
75%
Huniepop Kyanna
75%
Pokemon Kyouhei
75%
Huniepop Kyu
75%
Huniepop Leilani
75%
Tears of the Kingdom Link
75%
Vocaloid Luka
75%
Detroit: Become Human Luther
75%
Detroit: Become Human Markus
75%
Ace Attorney Miles Edgeworth
75%
Pokemon N
75%
Undertale Papyrus
75%
Tears of the Kingdom Riju
75%
Animal Crossing Roald
75%
Tears of the Kingdom Sidon
75%
Sonic Sonic
75%
Sonic Tails
75%
Top 10 Toad
75%
Pokemon Touka
75%
Pokemon Touko
75%
Tears of the Kingdom Tulin
75%
Animal Crossing Twiggy
75%
Sleeping Dogs Wei Shen
75%
Top 10 Arthur Morgan
50%
Vampire: The Masquerade Bloodlines Malkavian
50%
Top 10 Nessa
50%
Top 10 Bigby Wolf
25%
No matching quizzes found
Score Distribution
Percent of People with Each Score
Percentile by Number Answered
Your Score History
You have not taken this quiz